Quotes of Bible Characters 5 - Statistics

General Stats
  • This quiz has been taken 541 times
  • The average score is 6 of 10
Answer Stats
Hint Answer % Correct
Not everyone who says to Me, 'Lord, Lord,' shall enter the kingdom of heaven, but he who does the will of My Father in heaven Jesus
100%
Suppose there were five less than the fifty righteous Abraham
79%
Yet forty days, and Nineveh shall be overthrown Jonah
77%
Grace and peace be multiplied to you in the knowledge of God and of Jesus our Lord Peter
67%
By no means! You shall not die! Indeed, my father will do nothing either great or small without first telling me Jonathan
57%
The LORD has surely looked on my affliction. Now therefore, my husband will love me Leah
55%
Look, Lord, I give half of my goods to the poor; and if I have taken anything from anyone by false accusation, I restore fourfold Zacchaeus
54%
Bless me - me also, O my father Esau
50%
…as I was among the captives by the River Chebar, that the heavens were opened and I saw visions of God Ezekiel
41%
Thus the Lord has dealt with me, in the days when He looked on me, to take away my reproach among people Elizabeth
28%
No matching quizzes found
Score Distribution
Percent of People with Each Score
Percentile by Number Answered
Your Score History
You have not taken this quiz